书目信息 |
| 题名: |
重启
|
|
| 作者: | 弗罗里达 著 ;龙志勇 , 魏薇 译 | |
| 分册: | ||
| 出版信息: | 杭州 浙江人民出版社 2014 |
|
| 页数: | 248页 | |
| 开本: | 23cm | |
| 丛书名: | ||
| 单 册: | ||
| 中图分类: | F171.244 , F171.24 | |
| 科图分类: | ||
| 主题词: | 经济危机--研究--美国 , 经济危机 | |
| 电子资源: | ||
| ISBN: | 978-7-213-06087-8 | |
| 000 | 01430nam0 2200301 450 | |
| 001 | 1668589578 | |
| 005 | 20150426233116.0 | |
| 010 | @a978-7-213-06087-8@dCNY52.90 | |
| 100 | @a20140825d2014 em y0chiy50 ea | |
| 101 | 1 | @achi@ceng |
| 102 | @aCN@b330000 | |
| 105 | @aa z 000yy | |
| 106 | @ar | |
| 200 | 1 | @a重启@9chong qi@e后危机时代如何再现繁荣@dThe great reset@ehow new ways of living and working drive post-crash prosperity@f(美)理查德·佛罗里达(Richard Florida)著@g龙志勇,魏薇译@zeng |
| 210 | @a杭州@c浙江人民出版社@d2014 | |
| 215 | @a248页@c彩照@d23cm | |
| 300 | @a湛庐文化 财富汇 心视界 | |
| 305 | @a由Creative Class Group委托Levine Greenberg Literary Agency, Inc.授权出版 | |
| 330 | @a本书站在一个新的角度,历数了资本主义社会的几次大型经济危机,并聚焦在经济社会的地理版图分布变迁上,提出了经济社会重启的概念。作者提出:政府、社会和个人都应积极参与,在就业及教育资源的提供、交通设施、出行方式、住房、消费模式等方方面面都进行升级优化,以促进人才、商品和思想的自由流动,加速经济“新陈代谢”速率,为未来的繁荣奠定坚实的基础。 | |
| 510 | 1 | @aGreat reset@ehow new ways of living and working drive post-crash prosperity@zeng |
| 606 | 0 | @a经济危机@x研究@y美国 |
| 606 | 0 | @a经济危机 |
| 690 | @aF171.244@v5 | |
| 690 | @aF171.24@v4 | |
| 701 | 0 | @c(美)@a弗罗里达@9fu luo li da@c(Florida, Richard)@4著 |
| 702 | 0 | @a龙志勇@9long zhi yong@4译 |
| 702 | 0 | @a魏薇@9wei wei@c(英语)@4译 |
| 905 | @aBZT@dF171.24@e5 | |
| 重启:后危机时代如何再现繁荣=The great reset:how new ways of living and working drive post-crash prosperity/(美)理查德·佛罗里达(Richard Florida)著/龙志勇,魏薇译.-杭州:浙江人民出版社,2014 |
| 248页:彩照;23cm |
| 湛庐文化 财富汇 心视界 |
| ISBN 978-7-213-06087-8:CNY52.90 |
| 本书站在一个新的角度,历数了资本主义社会的几次大型经济危机,并聚焦在经济社会的地理版图分布变迁上,提出了经济社会重启的概念。作者提出:政府、社会和个人都应积极参与,在就业及教育资源的提供、交通设施、出行方式、住房、消费模式等方方面面都进行升级优化,以促进人才、商品和思想的自由流动,加速经济“新陈代谢”速率,为未来的繁荣奠定坚实的基础。 |
| ● |
| 相关链接 |
|
|
|
正题名:重启
索取号:F171.24/5
 
预约/预借
| 序号 | 登录号 | 条形码 | 馆藏地/架位号 | 状态 | 备注 |
| 1 | 814743 | 2000814743 | 第二书库/ [索取号:F171.24/5] | 在馆 | |
| 2 | 814744 | 2000814744 | 第二书库/ [索取号:F171.24/5] | 在馆 | |
| 3 | 814745 | 2000814745 | 第二书库/ [索取号:F171.24/5] | 在馆 |